Australian State & Territory - Tile Select - Statistics

General Stats
  • This quiz has been taken 167 times
    123 since last reset
  • The average score is 9 of 16
Answer Stats
Hint Answer % Correct
Is an island Tasmania
96%
Is landlocked Australian Capital Territory
92%
Contains the Great Barrier Reef Queensland
90%
Most populous state or territory New South Wales
83%
Known as the Sunshine State Queensland
74%
Contains the Top End Northern Territory
65%
Formerly known as Van Diemen's Land Tasmania
65%
Only state or territory not once part of New South Wales Western Australia
64%
Least populous state or territory Northern Territory
54%
Contains Kangaroo Island South Australia
53%
Was originally known as the Swan River Colony Western Australia
51%
Home of Australian Football Victoria
47%
Smallest state on the mainland by area Victoria
42%
Had Australia's only coup d'état New South Wales
27%
State or territory with the highest HDI Australian Capital Territory
24%
First jurisdiction in the world to have women's suffrage South Australia
19%
No matching quizzes found
Score Distribution
Percent of People with Each Score
Percentile by Number Answered
Your Score History
You have not taken this quiz since the last reset